000 00385nam a2200145Ia 4500
005 20260326100037.0
008 260326s9999||||xx |||||||||||||| ||und||
100 _aEliash, Humberto
245 0 _aFernando Castillo :
_b de lo Moderno a lo Real /
_cHumberto Eliash
260 _bEscala
300 _a237 p.
440 _aCOLECCIÓN SOMOSUR
_nTOMO 7
650 _aARQUITECTOS
942 _cBK
999 _c6858
_d6858